| 000 | 00893nam a22002177a 4500 | ||
|---|---|---|---|
| 999 |
_c13478 _d13478 |
||
| 003 | AR-CdUCM | ||
| 008 | 190415b ||||| |||| 00| 0 spa d | ||
| 040 |
_aMUNICIPALIDAD PROVINCIAL DEL CUSCO _cBIBLIOTECA MUNICIPAL DEL CUSCO |
||
| 082 |
_aC / 348.7 / _bG91 |
||
| 110 |
_aMinisterio de Educación _912839 |
||
| 245 | _aGuía de las normas legales y técnicas de control / | ||
| 260 |
_aCuzco : _c1979. |
||
| 300 |
_a123 paginas , _c28 cm. |
||
| 505 | _aContenido : Ley orgánica del sistema nacional de control -- Reglamento de la ley orgánica del sistema de control -- Reglamentos de las normas técnicas de control -- Normas técnicas de control interno... | ||
| 650 |
_aSupervisor educacional _931911 |
||
| 650 |
_aMinisterio de educación _96664 |
||
| 650 |
_aNormas tecnicas _931912 |
||
| 710 |
_aInspectoría Regional _931913 |
||
| 942 |
_2ddc _cLIBROS |
||
| 945 |
_awnts _d2019-04-15 |
||